00585nam a2200169Ia 450000500170000000800410001708200130005810000190007124500620009026000510015230000180020365000390022165000370026094200060029795200970030399900150040020250310014449.0240331s9999 xx 000 0 und d bZAFa342 aZafrullah, H.M 0aSri Lanka's Hybrid presidential and parliamentary system  aKuala lumpurbUniversity of Malaya Pressc1981 aXxii, 140 p., aParliaments - underdeveloped Areas aSeparation of powers - Sri Lanka cL 001040708LaWERCLbWERCLcSSCd2024-03-31l0o 342.5 ZAFp1666r2024-03-31w2024-03-31yL c2839d2839